00939nam a2200265 a 450000100060000000300080000600500170001400800410003103500190007204000270009104100080011808200260012610000310015224501130018326000490029630000180034550500110036365000430037465000220041765000260043970000340046594200120049999900170051195201450052862116BD-RjUL20211209081039.0170122m19631941enk 000 0 eng d a(BD-RjUL)62241 aVA@cVA@dBD-RjULbeng aeng 223a320.011bGRL 19631 aGreen, Thomas Hill918480310aLectures on the principles of political obligation /cThomas Hill Green, an introduction lord Lindsay Birker aLondon :bLongmans, c1941 [Impression 1963] a V. ;c23 cm. aV-2.-- aPolitical obligation. 9184804 aLiberty. 9170799 aNatural law. 9184805 aBirker, lord Lindsay 9184806 2ddccBK c62116d62116 00102ddc40718NFICaRUCLbRUCLcReadingd1965-01-08eZeitlingerg30.00l0o320.011 GRL V-2 1963r2017-01-22 00:00:00tC-1w2021-12-09yBK